Das Bruegel Buch. (Record no. 5126)

MARC details
000 -CABECERA
campo de control de longitud fija 00620nam a2200229 a 4500
001 - NÚMERO DE CONTROL
campo de control BRCA_5432
005 - FECHA Y HORA DE LA ÚLTIMA TRANSACCIÓN
campo de control 20190320205056.0
008 - DATOS DE LONGITUD FIJA--INFORMACIÓN GENERAL
campo de control de longitud fija 131210s1936----au-a######---#000-0#ger-#
041 ## - CÓDIGO DE LENGUA
Código de lengua del texto/banda sonora o título independiente ger
044 ## - CÓDIGO DEL PAÍS DE LA ENTIDAD EDITORA/PRODUCTORA
Código MARC del país au
050 #4 - SIGNATURA TOPOGRÁFICA DE LA BIBLIOTECA DEL CONGRESO
Número de clasificación ND673.B7
Número de documento/Ítem .D37 1936
245 10 - MENCIÓN DE TÍTULO
Título Das Bruegel Buch.
260 ## - PUBLICACIÓN, DISTRIBUCIÓN, ETC.
Lugar de publicación, distribución, etc. Viena, Austria
Nombre del editor, distribuidor, etc. Anton Schroll
Fecha de publicación, distribución, etc. 1936
300 ## - DESCRIPCIÓN FÍSICA
Extensión 22 p.
Otras características físicas il. (algunas a color)
Dimensiones 25 cm.
440 #0 - MENCIÓN DE SERIE/PUNTO DE ACCESO ADICIONAL--TÍTULO
Título Sammlung Schroll
9 (RLIN) 13824
500 ## - NOTA GENERAL
Nota general Incluye índice de pinturas
500 ## - NOTA GENERAL
Nota general E148
600 14 - PUNTO DE ACCESO ADICIONAL DE MATERIA--NOMBRE DE PERSONA
Nombre de persona Bruegel, Pieter
Títulos y otros términos asociados al nombre El viejo
Fechas asociadas al nombre 1525-1569
9 (RLIN) 13436
650 14 - PUNTO DE ACCESO ADICIONAL DE MATERIA--TÉRMINO DE MATERIA
Término de materia o nombre geográfico como elemento de entrada Pintores flamencos
9 (RLIN) 7571
902 ## - CATALOGADOR
Iniciales GFM
942 ## - ELEMENTOS DE PUNTO DE ACCESO ADICIONAL (KOHA)
Fuente del sistema de clasificación o colocación Library of Congress Classification
Tipo de ítem Koha Libros
Holdings
Estado de retiro Estado de pérdida Estado dañado No para préstamo Localización permanente Ubicación/localización actual Fecha de adquisición Número de inventario Total de préstamos Signatura topográfica completa Código de barras Fecha visto por última vez Precio válido a partir de Tipo de ítem Koha
El ejemplar forma parte de la colección y puede ser consultado según las políticas vigentes.       Biblioteca del Museo Franz Mayer (Rogerio Casas-Alatriste) Biblioteca del Museo Franz Mayer (Rogerio Casas-Alatriste) 13/12/2010 E148   ND673.B7 .D37 1936 (E148) 5867 22/03/2019 22/03/2019 Libros